Nimeä kaikki hiihdon maailmancupissa podiumille hiihtäneet suomalaiset - Statistics

Yleistilastot
  • Tätä visaa on pelattu 150 kertaa
  • Keskiarvotulos 19 / 45
Vastaustilastot
Vastaus % Oikein
Iivo Niskanen
99%
Kerttu Niskanen
99%
Krista Pärmäkoski
89%
Sami Jauhojärvi
84%
Aino-Kaisa Saarinen
83%
Harri Kirvesniemi
77%
Joni Mäki
76%
Marja-Liisa Kirvesniemi
76%
Lauri Vuorinen
73%
Johanna Matintalo
72%
Virpi Kuitunen
71%
Jari Isometsä
70%
Matti Heikkinen
67%
Perttu Hyvärinen
67%
Juha Mieto
66%
Mika Myllylä
66%
Riitta-Liisa Roponen
59%
Anne Kyllönen
55%
Marjo Matikainen
55%
Pirjo Muranen
53%
Ville Nousiainen
49%
Mona-Liisa Nousiainen
44%
Kaisa Varis
41%
Martti Jylhä
30%
Janne Immonen
28%
Sami Repo
24%
Matias Strandvall
23%
Marjut Rolig
22%
Pirkko Määttä
22%
Jaana Savolainen
16%
Aki Karvonen
15%
Kari Härkönen
14%
Juha Lallukka
13%
Kati Sundqvist
13%
Kari Ristanen
12%
Tuulikki Pyykkönen
10%
Ari Palolahti
9%
Hilkka Riihivuori
9%
Keijo Kurttila
9%
Toni Ketelä
7%
Asko Autio
5%
Elina Hietamäki
5%
Lauri Pyykönen
4%
Annmari Viljanmaa
3%
Kirsi Välimaa
3%
Ehtoja vastaavia visoja ei löytynyt
Tulosjakauma
Jokaisen tuloksen saaneiden osuus
Persentiili vastausten määrän mukaan
Tuloshistoriasi
Et ole pelannut tätä visaa